LEADER 00983cam0 2200253 450 001 E600200046213 005 20201203151933.0 100 $a20090303d1992 |||||ita|0103 ba 101 $aita 102 $aIT 200 1 $aDal "Buon selvaggio" alla "Guerra etnologica"$e razze e razzismo$fValentino Petrucci 210 $aRavenna$cLongo$d1992 215 $ap. 245-257$c23 cm 300 $aEstratto da : Per una definizione dell'utopia. Metodologia e discipline a confronto. A cura di Nadia Minerva. Intr. di Vita Fortunati e Nadia Minerva 700 1$aPetrucci$b, Valentino$3AF00009564$4070$0245072 801 0$aIT$bUNISOB$c20201203$gRICA 850 $aUNISOB 852 $aUNISOB$j100|Opusc$m87554 912 $aE600200046213 940 $aM 102 Monografia moderna SBN 941 $aM 957 $a100|Opusc$b000189$gSi$d87554$1massimo$2UNISOB$3UNISOB$420090303103110.0$520201203151922.0$6Spinosa 996 $aDal "Buon selvaggio" alla "Guerra etnologica"$91682258 997 $aUNISOB LEADER 01017nam2 22002891i 450 001 RML0312306 005 20231121125752.0 100 $a20121121d1975 ||||0itac50 ba 101 | $aita 102 $ait 181 1$6z01$ai $bxxxe 182 1$6z01$an 200 1 $a2. I classici$fa cura di Alberto Izzo 210 $aBologna $cIl Mulino $dc1975 215 $a467 p.$d22 cm 461 1$1001RML0312300$12001 $aStoria del pensiero sociologico$fa cura di Alberto Izzo 606 $aSociologia$2FIR$3RMLC002505$9E 676 $a301.6$9$v21 702 1$aIzzo$b, Alberto$3RMLV161221 801 3$aIT$bIT-01$c20121121 850 $aIT-FR0098 899 $aBiblioteca Area Giuridico Economica$bFR0098 912 $aRML0312306 950 2$aBiblioteca Area Giuridico Economica$d 53CAM MC00044$e 53VM 0000827505 VM barcode:ECO000072. - Inventario:214. - Fondo:Magazzino chiusoVM$fA $h20100427$i20121204 977 $a 53 996 $aClassici$962000 997 $aUNICAS